000 00307nam a22001337a 4500
008 170928b xxu||||| |||| 00| 0 eng d
020 _a9781603016452
041 _aeng
080 _a37
100 _a47
101 _aEDU
245 _aISSUES AND LIFE SCIENCE RESOUECE
_cNAGLE.B
942 _2udc
_cBK
999 _c30412
_d30412